| 000 | 01344cam a2200373 i 4500 | ||
|---|---|---|---|
| 999 |
_c200442203 _d60415 |
||
| 003 | TR-AnTOB | ||
| 005 | 20230530001115.0 | ||
| 007 | ta | ||
| 008 | 011221s2001 tu a b 000 0 tur d | ||
| 020 | _a9755125892 | ||
| 040 |
_aBGZ _beng _erda _cBGZ _dTR-AnTOB |
||
| 041 | 0 | _atur | |
| 050 | 4 |
_aTP1150 _b.İ87 2001 |
|
| 090 |
_aTP1150 _b.İ87 2001 |
||
| 245 | 0 | 0 |
_aİspanya ve Portekiz kalıpçılık sektörü araştırması / _cHazırlayanlar Ahmet Şenkal, Müştak Çağlar. |
| 264 | 1 |
_aİstanbul : _bİstanbul Ticaret Odası, _c2001. |
|
| 300 |
_a123 pages : _btables ; _c24 cm |
||
| 336 |
_2rdacontent _atext _btxt |
||
| 337 |
_2rdamedia _aunmediated _bn |
||
| 338 |
_2rdacarrier _avolume _bnc |
||
| 490 | 0 |
_aİstanbul Ticaret Odası ; _vyayın no: 2001-41 |
|
| 504 | _aBIB | ||
| 650 | 7 |
_aPlastikler _xKalıplama _2etuturkob _9141135 |
|
| 650 | 7 |
_aEnjeksiyon dökümü, Plastikler _2etuturkob _9141136 |
|
| 650 | 7 |
_aPlastikler _xKalıplama _zİspanya _2etuturkob _9141135 |
|
| 650 | 7 |
_aPlastikler _xKalıplama _zPortekiz _2etuturkob _9141135 |
|
| 650 | 7 |
_aPlastikler _xKalıplama _zTürkiye _2etuturkob _9141135 |
|
| 700 | 1 |
_aŞenkal, Ahmet _eeditor _9127902 |
|
| 700 | 1 |
_aÇağlar, Müştak _eeditor _9127903 |
|
| 710 | 2 |
_aİstanbul Ticaret Odası _919571 |
|
| 942 |
_2lcc _cBK |
||